000 00410nam a2200169 a 4500
001 0000-8524
003 ELIB.Books
008 110520 1982
035 _a(ELIB.Books)0000-8669
082 _a320.973
_bRob
100 _aRobertson, Pat
245 _aThe Turning tide
260 _bDallas: Words Publishing
_c1982
650 _aSocial
942 _2ddc
_cBK
998 _cbat
_e2011-05-20
999 _c8524
_d8524